Landmarks-US - Statistics

General Stats
  • This quiz has been taken 18 times
  • The average score is 17 of 20
Answer Stats
Hint Landmark % Correct
12) Former prison on a rocky island in the middle of San Francisco Bay Alcatraz
100%
5) Iconic suspension bridge connecting San Franciscoto Marin county Golden Gate
100%
2) Massive deep gorge carved by the Coloradoriver in northwest Arizona Grand Canyon
100%
3) Large waterfall system spanning the NY-Canadaborder Niagara Falls
100%
4) Symbol of freedom given to the US by France,an iconic landmark of New York City Statue of Liberty
100%
7) Iconic residence of the US president White House
100%
13) Massive national park in western Wyoming Yellowstone
100%
15) Square shaped park in downtown Manhattan, aniconic symbol of New York Central Park
94%
11) Historic mission and fortification in San Antonio that is fondly remembered Alamo
89%
6) Hydroelectric dam on the Arizona-Nevada border Hoover
89%
9) White obelisk in DC dedicated to the first US president Washington Monument
89%
20) Memphis mansion once home to Elvis and his family Graceland
83%
1) Has 4 presidents carved into itin the mountains of South Dakota Rushmore
83%
8) 600 foot observation tower overlooking Seattle Space Needle
83%
10) Worlds tallest arch, an icon of St Louis Gateway Arch
78%
18) The Declaration of Independence was signed at thishall in Philadelphia Independence Hall
72%
17) Massive shopping center in Bloomington, MN, thelargest in the western hemisphere Mall of America
72%
19) Beloved ballpark in Boston home to the Red Sox since1912 Fenway Park
56%
16) Replaced the World Trade Center after 9/11, itstands 1776 ft tall Freedom Tower
56%
14) Bean shaped sculpture in downtown Chicago Cloud Gate
33%
No matching quizzes found
Score Distribution
Percent of People with Each Score
Percentile by Number Answered
Your Score History
You have not taken this quiz